Macroeconomics /
Introduction to the price system. Macroeconomic basics. Macroeconomic policy. Economic growth and development. Product market basics. Product markets. Resource markets. Current issues involving the public sector and the market economy...
Uloženo v:
| Hlavní autor: | |
|---|---|
| Další autoři: | |
| Médium: | Kniha |
| Jazyk: | English |
| Vydáno: |
Boston :
Houghton Mifflin,
1999.
|
| Vydání: | 4th ed. |
| Témata: | |
| Tagy: |
Přidat tag
Žádné tagy, Buďte první, kdo otaguje tento záznam!
|
| Thư viện lưu trữ: | Mạng thư viện Đại học Đà Nẵng |
|---|
| LEADER | 01109cam a2200349 i 4500 | ||
|---|---|---|---|
| 001 | 000048609 | ||
| 003 | 8331 | ||
| 005 | 20030326101108.0 | ||
| 008 | 010316|1999 vm 000 eng | ||
| 020 | |a 039590806X | ||
| 040 | |a IRC |c IRC |d IRC | ||
| 041 | 0 | |a eng | |
| 082 | 1 | 4 | |a 339 |b BO-W |
| 100 | 1 | |a Boyes, William J. | |
| 245 | 0 | 0 | |a Macroeconomics / |c William Boyes, Michael Melvin. |
| 250 | |a 4th ed. | ||
| 260 | |a Boston : |b Houghton Mifflin, |c 1999. | ||
| 300 | |a 557p.;1 v. (various pagings) : |b col. ill. ; |c 25cm. | ||
| 520 | 3 | |a Introduction to the price system. Macroeconomic basics. Macroeconomic policy. Economic growth and development. Product market basics. Product markets. Resource markets. Current issues involving the public sector and the market economy... | |
| 630 | 0 | 4 | |a Macroeconomics. |
| 650 | 0 | 4 | |a Macroeconomics. |
| 700 | 1 | |a Melvin, Michael. | |
| OWN | |a DUT | ||
| 999 | |a From the UDN01 | ||
| TYP | |a Monograph | ||
| TYP | |a Printed language | ||
| 980 | |a Mạng thư viện Đại học Đà Nẵng | ||


